000
00308nam a2200133Ia 4500
008
230312s9999||||xx |||||||||||||| ||und||
082
_a
658.8
_b
KOT-M
100
_a
Kotler,Philip
245
0
_a
Marketing Management
260
_b
Mc Graw hill
_a
USA
_c
2003
300
_a
745
650
_a
Management
942
_c
BK
999
_c
3801
_d
3801